| 000 | 00574nam a2200217Ia 4500 | ||
|---|---|---|---|
| 005 | 20250508164413.0 | ||
| 008 | 008 250505s9999 xx 000 0 hin d | ||
| 020 | _a81-7016-144-4 | ||
| 037 | _aTextual | ||
| 040 |
_aFEDL _beng _cFEDL |
||
| 041 |
_ahin _2eng |
||
| 084 |
_a891-433, JOS _qFEDL |
||
| 100 | _aJoshi Himanshu | ||
| 245 | 0 | _aAranya | |
| 260 |
_aNew Delhi, India _bKitab Ghar Parkashan _c2007 |
||
| 300 | _a120p | ||
| 365 |
_aINR _b125 |
||
| 650 |
_aFiction - Hindi _9778046 |
||
| 942 |
_cTEXL _h891-433, JOS |
||
| 999 |
_c1388960 _d1388960 |
||